000 00375nam a2200145Ia 4500
008 150201s1984 xx 000 0 und d
082 _a615.329
_bC1984R
100 _aRODMAN,MORTIN J.
245 _aCLINICAL PHARMACOLOGY IN NURSING
250 _a2ND
260 _bLIPPINCOTT PUBLICATION
_aPHILADELPHIA
_c1984
300 _a1-1008
650 _aPHARMACOLOGY
942 _2ddc
_cBK
999 _c4000
_d4000